Budynki, Struktury i Statuy najczęściej wyszukiwane 1/2 - Statystyki

Ogólne statystyki
  • Ten quiz został rozwiązany 16 razy
  • Średni wynik to 7 z 25
Statystyki odpowiedzi
razy wyszukana Struktura % Poprawnych
33mln Wieża Eiffla
92%
36mln Statua Wolności
75%
14mln Big Ben
67%
24mln Koloseum
67%
46mln Tadź Mahal
67%
27mln Machu Picchu
50%
35mln Wielki Mur Chiński
42%
20mln Biały Dom
33%
36mln Burdż Chalifa
33%
21mln Empire State Building
33%
22mln Wielka Piramida w Gizie (Piramida Cheopsa)
33%
15mln Angkor Wat
17%
16mln Most Golden Gate
17%
14mln Pałac Buckingham
17%
13mln Panteon w Rzymie
17%
17mln Hagia Sophia
8%
25mln Mount Rushmore National Memorial
8%
25mln Stonehenge
8%
21mln 1 World Trade Center
0%
16mln Kanał panamski
0%
30mln Mur Berliński
0%
19mln Petra
0%
14mln Pomnik Chrystusa Odkupiciela w Rio de Janeiro
0%
19mln Wielki Zderzacz Hadronów
0%
14mln Więzienie Guantanamo
0%
Nie znaleziono quizów pasujących do podanych kryteriów
Rozkład punktacji
Procent ludzi z każdym wynikiem
Percentyl według liczby udzielonych odpowiedzi
Twoja historia wyników
Nie rozwiązałeś tego quizu